[Event "Olimpiada Calviá 2004"]
[Site "Calviá ESP"]
[Date "2004.10.18"]
[Round "4.24"]
[White "Nguyen, Anh Dung"]
[Black "Haznedaroglu, Kivanc"]
[Result "1-0"]
[WhiteElo "2567"]
[BlackElo "2394"]
[PlyCount "87"]
[EventDate "2004.10.15"]
[EventType "team"]
[EventRounds "14"]
[EventCountry "ESP"]
[Source "lmi"]
[SourceDate "2004.10.27"]

1. e4 c5 2. Nf3 Nc6 3. d4 cxd4 4. Nxd4 Nf6 5. Nc3 e5 6. Ndb5 d6 7. Bg5 a6 8.
Na3 b5 9. Bxf6 gxf6 10. Nd5 Bg7 11. c3 f5 12. exf5 Bxf5 13. Nc2 O-O 14. Nce3
Be6 15. g3 a5 16. Bxb5 Ne7 17. O-O Rb8 18. a4 f5 19. f4 Ng6 20. Qh5 Kh8 21.
Rad1 Qc8 22. Kh1 Qb7 23. Qf3 Bh6 24. Nc4 e4 25. Qe3 Rbd8 26. Nxa5 Qf7 27. Nc6
Rde8 28. Ndb4 Ne5 29. Qd4 Bg7 30. fxe5 Qh5 31. Rd2 f4 32. gxf4 Bh3 33. Qxe4
Bxf1 34. Bxf1 dxe5 35. Nd5 exf4 36. Nce7 f3 37. Nc7 Rb8 38. Ne6 Rf7 39. Rd5 Qh6
40. Nf5 Qg6 41. Nexg7 h6 42. Rd6 Qg5 43. Rxh6+ Kg8 44. Rh3 1-0

[Event "Olimpiada Calviá 2004"]
[Site "Calviá ESP"]
[Date "2004.10.18"]
[Round "4.24"]
[White "Erdogdu, Mert"]
[Black "Tu, Hoang Thong"]
[Result "0-1"]
[WhiteElo "2393"]
[BlackElo "2499"]
[PlyCount "122"]
[EventDate "2004.10.15"]
[EventType "team"]
[EventRounds "14"]
[EventCountry "ESP"]
[Source "lmi"]
[SourceDate "2004.10.27"]

1. e4 e5 2. Nf3 Nc6 3. Bb5 a6 4. Ba4 Nf6 5. O-O Nxe4 6. d4 b5 7. Bb3 d5 8. dxe5
Be6 9. Nbd2 Nc5 10. c3 Be7 11. Bc2 Bg4 12. Re1 Qd7 13. Nf1 Rd8 14. Ne3 Bh5 15.
b4 Ne6 16. g4 Bg6 17. Nf5 O-O 18. a4 Rfe8 19. axb5 axb5 20. Bd3 Rb8 21. Qe2
Ncd8 22. Ra5 c6 23. Be3 Bf8 24. Rea1 Rb7 25. h3 Qc7 26. Ra8 Qd7 27. R1a7 d4 28.
Rxb7 Qxb7 29. Rxd8 Rxd8 30. N3xd4 Nxd4 31. Nxd4 Bxd3 32. Qxd3 c5 33. Qxb5 Qxb5
34. Nxb5 cxb4 35. cxb4 Bxb4 36. Nd4 Bc5 37. Nf5 Bxe3 38. Nxe3 Rd4 39. Ng2 Re4
40. f4 g5 41. Kf2 gxf4 42. Kf3 Rxe5 43. Kxf4 Ra5 44. Nh4 Ra4+ 45. Kg3 Ra3+ 46.
Nf3 Kg7 47. Kf4 Kf6 48. Kg3 Ke6 49. Kf4 Ra4+ 50. Kg3 h6 51. Nh4 Ra3+ 52. Nf3 f5
53. gxf5+ Kxf5 54. Kf2 Kf4 55. Ng1 Ra2+ 56. Ne2+ Ke4 57. Kf1 Kf3 58. Nd4+ Kg3
59. Nf5+ Kxh3 60. Nxh6 Ra6 61. Ng8 Re6 0-1

[Event "Olimpiada Calviá 2004"]
[Site "Calviá ESP"]
[Date "2004.10.18"]
[Round "4.24"]
[White "Dinh, Duc Trong"]
[Black "Erturan, Yakup"]
[Result "1/2-1/2"]
[WhiteElo "2392"]
[BlackElo "2281"]
[PlyCount "88"]
[EventDate "2004.10.15"]
[EventType "team"]
[EventRounds "14"]
[EventCountry "ESP"]
[Source "lmi"]
[SourceDate "2004.10.27"]

1. Nf3 Nf6 2. g3 d5 3. Bg2 e6 4. O-O Be7 5. d3 O-O 6. Nbd2 c5 7. e4 Nc6 8. Re1
b6 9. e5 Nd7 10. Nf1 Qc7 11. Bf4 Bb7 12. h4 d4 13. a3 b5 14. h5 Nb6 15. h6 g6
16. Qe2 Rfd8 17. N1h2 c4 18. Ng4 cxd3 19. cxd3 b4 20. Bg5 bxa3 21. Bxe7 Qxe7
22. Rxa3 Nd5 23. Nd2 Ncb4 24. Nc4 Rdc8 25. Qd2 Bc6 26. Nd6 Rc7 27. Nf6+ Nxf6
28. Qxb4 Ng4 29. Qxd4 Nxh6 30. Bxc6 Rxc6 31. Rea1 Rc7 32. Nb5 Rd7 33. Qe4 Rb8
34. Qc4 Qg5 35. d4 Rdb7 36. Nd6 Rxb2 37. Rf3 Rb1+ 38. Rxb1 Rxb1+ 39. Kg2 Qc1
40. Qxc1 Rxc1 41. Ra3 Nf5 42. Nxf5 gxf5 43. Rxa7 Rd1 44. Ra4 Rd3 1/2-1/2

[Event "Olimpiada Calviá 2004"]
[Site "Calviá ESP"]
[Date "2004.10.18"]
[Round "4.24"]
[White "Karadeniz, Emre"]
[Black "Nguyen, Van Huy"]
[Result "0-1"]
[WhiteElo "2310"]
[BlackElo "2325"]
[PlyCount "110"]
[EventDate "2004.10.15"]
[EventType "team"]
[EventRounds "14"]
[EventCountry "ESP"]
[Source "lmi"]
[SourceDate "2004.10.27"]

1. d4 Nf6 2. c4 g6 3. Nc3 Bg7 4. e4 d6 5. Be2 O-O 6. Nf3 e5 7. O-O Nc6 8. d5
Ne7 9. b4 Nd7 10. c5 dxc5 11. bxc5 Nxc5 12. Ba3 b6 13. Rc1 Bg4 14. Bxc5 bxc5
15. Na4 c6 16. h3 Bxf3 17. Bxf3 cxd5 18. exd5 Nf5 19. Nxc5 Nd4 20. Nb3 Qg5 21.
d6 Rad8 22. Nc5 Qf4 23. Nb7 Rd7 24. Rc7 Rxc7 25. dxc7 Rc8 26. Qc1 Qxc1 27. Rxc1
Ne6 28. Nd8 Rxc7 29. Rxc7 Nxc7 30. Nc6 a6 31. Be2 e4 32. a4 Kf8 33. a5 Bc3 34.
Nb8 Bxa5 35. Nxa6 Ne6 36. Bc4 Ke7 37. Bxe6 Kxe6 38. Nc5+ Kd5 39. Nb3 Bb4 40.
Kf1 Kc4 41. Nc1 f5 42. Ne2 Bd2 43. g3 g5 44. g4 f4 45. f3 e3 46. Ng1 Kd3 47.
Ne2 h6 48. Ng1 Ba5 49. Ne2 Kd2 50. Nd4 Bb6 51. Ne2 Ba7 52. Ng1 e2+ 53. Nxe2 Bb6
54. h4 Bc5 55. hxg5 hxg5 0-1

[Event "Olimpiada Calviá 2004"]
[Site "Calviá ESP"]
[Date "2004.10.18"]
[Round "4.26"]
[White "Zambrana, Osvaldo"]
[Black "Morovic, Ivan"]
[Result "1/2-1/2"]
[WhiteElo "2473"]
[BlackElo "2564"]
[PlyCount "66"]
[EventDate "2004.10.15"]
[EventType "team"]
[EventRounds "14"]
[EventCountry "ESP"]
[Source "lmi"]
[SourceDate "2004.10.27"]

1. e4 e5 2. Nf3 Nf6 3. Nxe5 d6 4. Nf3 Nxe4 5. d4 d5 6. Bd3 Nc6 7. O-O Be7 8. c4
Nb4 9. Be2 O-O 10. Nc3 Bf5 11. a3 Nxc3 12. bxc3 Nc6 13. Re1 Re8 14. Bf4 dxc4
15. Bxc4 Bd6 16. Rxe8+ Qxe8 17. Bxd6 cxd6 18. Bd3 Qd7 19. Qc2 Bxd3 20. Qxd3 h6
21. Qb5 Ne5 22. Qxd7 Nxd7 23. c4 Rc8 24. Nd2 Nf8 25. Rc1 b5 26. c5 Ne6 27. Nb3
dxc5 28. dxc5 Rc6 29. Kf1 Kf8 30. Rc3 Ke7 31. g3 Kd7 32. Ke2 Kc7 33. Ke3 Ra6
1/2-1/2

[Event "Olimpiada Calviá 2004"]
[Site "Calviá ESP"]
[Date "2004.10.18"]
[Round "4.26"]
[White "Vasquez, Rodrigo"]
[Black "Cueto, Jhonny"]
[Result "1-0"]
[WhiteElo "2546"]
[BlackElo "2306"]
[PlyCount "73"]
[EventDate "2004.10.15"]
[EventType "team"]
[EventRounds "14"]
[EventCountry "ESP"]
[Source "lmi"]
[SourceDate "2004.10.27"]

1. e4 e5 2. Nf3 d6 3. d4 Nf6 4. dxe5 Nxe4 5. Qd5 Nc5 6. Bg5 Be7 7. exd6 Qxd6 8.
Nc3 Qxd5 9. Nxd5 Bd6 10. O-O-O Ne6 11. Be3 Nd7 12. Bc4 O-O 13. Rhe1 a6 14. h3
b5 15. Bf1 Rb8 16. Nd4 Re8 17. Nf5 Bc5 18. g3 Kf8 19. Bg2 Bxe3+ 20. Nfxe3 Nb6
21. Nb4 Bb7 22. Bxb7 Rxb7 23. Nc6 Na4 24. Nd5 Nb6 25. Nf4 Na8 26. Nxe6+ fxe6
27. Rd8 Rb6 28. Rxe6 Rxd8 29. Nxd8 Rxe6 30. Nxe6+ Kf7 31. Ng5+ Kg6 32. Ne4 c6
33. Nc5 Nc7 34. Kd2 Kf5 35. Ke3 g5 36. Kd4 h5 37. c3 1-0

[Event "Olimpiada Calviá 2004"]
[Site "Calviá ESP"]
[Date "2004.10.18"]
[Round "4.26"]
[White "Cruz, Alfredo"]
[Black "Castellanos, Renier"]
[Result "1/2-1/2"]
[WhiteElo "2179"]
[BlackElo "2449"]
[PlyCount "107"]
[EventDate "2004.10.15"]
[EventType "team"]
[EventRounds "14"]
[EventCountry "ESP"]
[Source "lmi"]
[SourceDate "2004.10.27"]

1. d4 Nf6 2. Nf3 e6 3. Bg5 h6 4. Bxf6 Qxf6 5. Nbd2 d6 6. e4 e5 7. c3 Nd7 8. Bd3
g6 9. O-O Bg7 10. a4 a5 11. Re1 O-O 12. Nc4 Re8 13. Ne3 c6 14. d5 Qd8 15. Bc2
Nf6 16. Qd2 cxd5 17. Nxd5 Nxd5 18. Qxd5 Be6 19. Qb5 Ra6 20. Bd3 Bd7 21. Qxb7
Rb6 22. Qa7 Rxb2 23. Reb1 Rxb1+ 24. Rxb1 Bxa4 25. Rb7 Rf8 26. Bc4 Qf6 27. Nd2
Bc6 28. Rc7 Qf4 29. Rxc6 Qxd2 30. Bf1 d5 31. exd5 Qxd5 32. c4 Qd2 33. Rc7 e4
34. Rd7 Qc3 35. Rd5 a4 36. Qxa4 e3 37. Qd1 exf2+ 38. Kxf2 Re8 39. Qd2 Qa3 40.
Be2 Bf8 41. g3 h5 42. Kg2 Bb4 43. Qc2 Qe3 44. Bf3 Bc5 45. Rd1 Re6 46. Qd2 Qa3
47. Bd5 Rf6 48. Rf1 Rxf1 49. Kxf1 Qa1+ 50. Qe1 Qf6+ 51. Kg2 Kg7 52. Qe2 h4 53.
Qf3 hxg3 54. hxg3 1/2-1/2

[Event "Olimpiada Calviá 2004"]
[Site "Calviá ESP"]
[Date "2004.10.18"]
[Round "4.26"]
[White "Llorens, Marcelo"]
[Black "Ferrufino, Boris"]
[Result "1-0"]
[WhiteElo "2375"]
[BlackElo "2231"]
[PlyCount "71"]
[EventDate "2004.10.15"]
[EventType "team"]
[EventRounds "14"]
[EventCountry "ESP"]
[Source "lmi"]
[SourceDate "2004.10.27"]

1. e4 c5 2. Nf3 Nc6 3. d4 cxd4 4. Nxd4 Nf6 5. Nc3 e5 6. Ndb5 d6 7. Nd5 Nxd5 8.
exd5 Nb8 9. c4 Nd7 10. Bd3 Be7 11. O-O O-O 12. Be3 a6 13. Nc3 f5 14. f3 Bg5 15.
Bf2 Qf6 16. Qc2 b6 17. b4 Bb7 18. Rad1 Rac8 19. Qb3 b5 20. cxb5 e4 21. Bc4 Ne5
22. bxa6 Rxc4 23. axb7 Rxc3 24. Qa4 e3 25. Be1 Rc7 26. Qa6 Nc4 27. Rd3 e2 28.
Rf2 Rb8 29. Rxe2 Rbxb7 30. Qa8+ Qd8 31. Re8+ Kf7 32. Rxd8 Bxd8 33. Qxd8 Re7 34.
Bc3 Rbd7 35. Qc8 Rc7 36. Qxf5+ 1-0

[Event "Olimpiada Calviá 2004"]
[Site "Calviá ESP"]
[Date "2004.10.18"]
[Round "4.27"]
[White "Pinheiro, Jose"]
[Black "Hellsten, Johan"]
[Result "0-1"]
[WhiteElo "2310"]
[BlackElo "2564"]
[PlyCount "102"]
[EventDate "2004.10.15"]
[EventType "team"]
[EventRounds "14"]
[EventCountry "ESP"]
[Source "lmi"]
[SourceDate "2004.10.27"]

1. c4 e5 2. g3 Nf6 3. Bg2 Nc6 4. Nc3 Bc5 5. a3 a6 6. e3 O-O 7. Nge2 d6 8. O-O
Ba7 9. d4 exd4 10. exd4 h6 11. Qd3 Ne7 12. Nd5 Nexd5 13. cxd5 Bd7 14. Nc3 Qc8
15. Re1 Bf5 16. Qd1 Qd7 17. Be3 Rfe8 18. f3 Bh3 19. Qd3 Re7 20. Bf2 Rae8 21.
Rxe7 Rxe7 22. Bxh3 Qxh3 23. Re1 Rxe1+ 24. Bxe1 Qh5 25. Bd2 Nxd5 26. g4 Qe5 27.
Ne2 Ne7 28. Kg2 Qf6 29. Bf4 Nd5 30. Bd2 c6 31. Qe4 Nc7 32. Be3 Ne6 33. Qd3 d5
34. b3 Bb8 35. h3 h5 36. gxh5 Bf4 37. Bxf4 Qxf4 38. Kf1 Qh2 39. Ng1 Nf4 40. Qe3
Nxh5 41. Qe8+ Kh7 42. Ne2 Qxh3+ 43. Kf2 Qh4+ 44. Ke3 Qf6 45. Kf2 Nf4 46. Qb8
Nxe2 47. Kxe2 Qe7+ 48. Kd3 g6 49. Qf4 Kg7 50. b4 a5 51. Kc3 Qf6 0-1

[Event "Olimpiada Calviá 2004"]
[Site "Calviá ESP"]
[Date "2004.10.18"]
[Round "4.27"]
[White "Berg, Emanuel"]
[Black "Costa, Joao Guerra"]
[Result "1-0"]
[WhiteElo "2529"]
[BlackElo "2284"]
[PlyCount "65"]
[EventDate "2004.10.15"]
[EventType "team"]
[EventRounds "14"]
[EventCountry "ESP"]
[Source "lmi"]
[SourceDate "2004.10.27"]

1. e4 c5 2. Nf3 e6 3. d4 cxd4 4. Nxd4 a6 5. Bd3 Nf6 6. f4 d6 7. Nc3 Be7 8. Be3
Qc7 9. Qf3 b5 10. O-O-O Bb7 11. g4 b4 12. Nce2 d5 13. e5 Ne4 14. Ng3 Nc5 15.
Kb1 Nbd7 16. Rhe1 g6 17. Qe2 Na4 18. Qf2 Ndc5 19. Nb3 O-O 20. Bd4 Rfc8 21. h4
a5 22. h5 Ba6 23. hxg6 fxg6 24. Rh1 Bf8 25. f5 Bxd3 26. cxd3 Nxb3 27. axb3 Nc5
28. fxg6 hxg6 29. Bxc5 Qxc5 30. Rh8+ Kxh8 31. Qf6+ Kg8 32. Qxg6+ Bg7 33. Qxe6+
1-0

[Event "Olimpiada Calviá 2004"]
[Site "Calviá ESP"]
[Date "2004.10.18"]
[Round "4.28"]
[White "Stefansson, Hannes"]
[Black "Michelakis, George"]
[Result "1/2-1/2"]
[WhiteElo "2549"]
[BlackElo "2438"]
[PlyCount "55"]
[EventDate "2004.10.15"]
[EventType "team"]
[EventRounds "14"]
[EventCountry "ESP"]
[Source "lmi"]
[SourceDate "2004.10.27"]

1. d4 Nf6 2. c4 g6 3. g3 Bg7 4. Bg2 O-O 5. Nf3 d6 6. O-O c5 7. Nc3 Nc6 8. dxc5
dxc5 9. Bf4 Qa5 10. Ne5 Nd4 11. Nd3 Rd8 12. Be5 Ne8 13. Bxg7 Kxg7 14. e3 Nc6
15. Qe2 Nd6 16. Bxc6 bxc6 17. Ne5 Bb7 18. Qc2 f6 19. Nd3 Bc8 20. Rfc1 Nxc4 21.
Ne4 Rxd3 22. Qxc4 Rd5 23. Qc3 Qb4 24. Qxb4 cxb4 25. Rxc6 Bf5 26. Rc4 a5 27. Nc5
Rd2 28. g4 1/2-1/2

[Event "Olimpiada Calviá 2004"]
[Site "Calviá ESP"]
[Date "2004.10.18"]
[Round "4.28"]
[White "Kobese, Watu"]
[Black "Olafsson, Helgi"]
[Result "1/2-1/2"]
[WhiteElo "2408"]
[BlackElo "2531"]
[PlyCount "48"]
[EventDate "2004.10.15"]
[EventType "team"]
[EventRounds "14"]
[EventCountry "ESP"]
[Source "lmi"]
[SourceDate "2004.10.27"]

1. e4 e5 2. Nf3 Nc6 3. Bb5 a6 4. Ba4 Nf6 5. O-O Be7 6. Re1 b5 7. Bb3 O-O 8. c3
d6 9. h3 Nb8 10. d4 Nbd7 11. Nbd2 Bb7 12. Bc2 Re8 13. Nf1 Bf8 14. Ng3 g6 15.
Bg5 h6 16. Bd2 Bg7 17. Qc1 h5 18. Bg5 Nf8 19. Bh6 N6h7 20. b3 Ne6 21. Bxg7 Kxg7
22. Qd2 Qf6 23. Ne2 Nhg5 24. Nxg5 Qxg5 1/2-1/2

[Event "Olimpiada Calviá 2004"]
[Site "Calviá ESP"]
[Date "2004.10.18"]
[Round "4.28"]
[White "Gunnarsson, Arnar"]
[Black "Solomon, Kenny"]
[Result "1-0"]
[WhiteElo "2437"]
[BlackElo "2358"]
[PlyCount "70"]
[EventDate "2004.10.15"]
[EventType "team"]
[EventRounds "14"]
[EventCountry "ESP"]
[Source "lmi"]
[SourceDate "2004.10.27"]

1. c4 c5 2. Nf3 Nf6 3. b3 e6 4. g3 b6 5. Bg2 Bb7 6. O-O Be7 7. Bb2 O-O 8. d4
cxd4 9. Qxd4 Nc6 10. Qf4 d5 11. Rd1 Qb8 12. Ne5 Bd6 13. Nxc6 Bxc6 14. Qe3 Bc5
15. Bd4 Bxd4 16. Qxd4 Rd8 17. Nc3 Bb7 18. Qe3 Re8 19. cxd5 exd5 20. Qd4 Bc6 21.
e3 Qb7 22. Nxd5 Nxd5 23. Bxd5 Bxd5 24. Qxd5 Qe7 25. Rac1 g6 26. Qc6 Rad8 27. h4
h5 28. Kg2 Kg7 29. Qa4 Qb7+ 30. Kg1 Qf3 31. Rd7 Rxd7 32. Qxd7 Re4 33. Qd5 Qg4
34. Rc7 Qf3 35. Rxa7 Qg4 1-0

[Event "Olimpiada Calviá 2004"]
[Site "Calviá ESP"]
[Date "2004.10.18"]
[Round "4.28"]
[White "Gluckman, Jonathan"]
[Black "Kristjansson, Stefan"]
[Result "1/2-1/2"]
[WhiteElo "2194"]
[BlackElo "2444"]
[PlyCount "57"]
[EventDate "2004.10.15"]
[EventType "team"]
[EventRounds "14"]
[EventCountry "ESP"]
[Source "lmi"]
[SourceDate "2004.10.27"]

1. e4 e6 2. d4 d5 3. e5 c5 4. c3 Nc6 5. Nf3 Bd7 6. a3 Nge7 7. b4 cxd4 8. cxd4
Nf5 9. Bb2 b5 10. Bd3 a5 11. bxa5 Nxa5 12. Bxf5 exf5 13. Nfd2 Qb6 14. O-O Be7
15. Bc3 O-O 16. Nb3 Nxb3 17. Qxb3 f4 18. Nd2 Qg6 19. Bb4 Bxb4 20. axb4 Ra4 21.
Rac1 Be6 22. Rc5 Rfa8 23. Rxb5 h5 24. Ra5 R8xa5 25. bxa5 Rxa5 26. Nf3 Ra8 27.
h4 Rc8 28. Ng5 Qf5 29. Qb1 1/2-1/2

[Event "Olimpiada Calviá 2004"]
[Site "Calviá ESP"]
[Date "2004.10.18"]
[Round "4.29"]
[White "Wu, Shaobin"]
[Black "Belkhodja, Slim"]
[Result "1-0"]
[WhiteElo "2504"]
[BlackElo "2478"]
[PlyCount "160"]
[EventDate "2004.10.15"]
[EventType "team"]
[EventRounds "14"]
[EventCountry "ESP"]
[Source "lmi"]
[SourceDate "2004.10.27"]

1. d4 d6 2. Nf3 g6 3. g3 Bg7 4. Bg2 Nd7 5. c4 e5 6. e4 Ne7 7. Nc3 O-O 8. O-O
exd4 9. Nxd4 Nc6 10. Nxc6 bxc6 11. Qc2 Rb8 12. b3 c5 13. Bb2 Ne5 14. h3 Nc6 15.
Ne2 Nd4 16. Qd2 Nxe2+ 17. Qxe2 Bb7 18. Bxg7 Kxg7 19. Qb2+ Qf6 20. Qa3 a6 21. e5
Qxe5 22. Bxb7 Rxb7 23. Qxa6 Rb6 24. Qa5 Qf5 25. h4 Qf3 26. Rfe1 Ra8 27. Qd2 Qf6
28. Rac1 h5 29. Re4 Rba6 30. a4 Rb6 31. Rf4 Qe6 32. Re1 Qd7 33. Qc3+ Kg8 34.
Rfe4 Rf8 35. Re7 Qc8 36. R1e3 Rb7 37. Qf6 Qf5 38. Qxf5 gxf5 39. Rf3 Kg7 40.
Rxf5 Kg6 41. Rf3 f6 42. Kf1 Rf7 43. Re6 Rb4 44. Rd3 Rf8 45. Ke2 Kf7 46. Ree3
Rd8 47. Rd5 Kg6 48. Rf3 c6 49. Rdf5 Rf8 50. R5f4 f5 51. Kd2 Rb7 52. Rd3 Rd8 53.
Rff3 d5 54. Rfe3 Kf6 55. Kc2 Rg7 56. Re1 d4 57. Rf3 Rg4 58. Kb2 Rg7 59. Ka3 Rb7
60. Kb2 Rg7 61. Kc2 Rg4 62. Kd2 Rg7 63. Re4 Rf7 64. Kc2 Rb8 65. Re1 Rg7 66. Rd3
Rg4 67. f4 Rbg8 68. Re5 Rxg3 69. Rxg3 Rxg3 70. Rxc5 Rc3+ 71. Kb2 Rf3 72. Rxc6+
Ke7 73. a5 Rf2+ 74. Ka3 Rxf4 75. Rc5 Rxh4 76. Rxf5 Kd6 77. Rd5+ Kc6 78. Kb4 Kb7
79. Kb5 Rh3 80. b4 d3 1-0

[Event "Olimpiada Calviá 2004"]
[Site "Calviá ESP"]
[Date "2004.10.18"]
[Round "4.29"]
[White "Doghri, Nabil"]
[Black "Goh Koon-Jong, Jason"]
[Result "1/2-1/2"]
[WhiteElo "2309"]
[BlackElo "2419"]
[PlyCount "84"]
[EventDate "2004.10.15"]
[EventType "team"]
[EventRounds "14"]
[EventCountry "ESP"]
[Source "lmi"]
[SourceDate "2004.10.27"]

1. e4 c5 2. Nf3 d6 3. d4 cxd4 4. Nxd4 Nf6 5. Nc3 a6 6. Bc4 e6 7. Bb3 Nbd7 8.
Bg5 Nc5 9. f4 Be7 10. Qf3 O-O 11. O-O-O Qc7 12. Rhe1 Rb8 13. Kb1 Rd8 14. e5
dxe5 15. fxe5 Ne8 16. Qh5 h6 17. Bf4 Bf8 18. Bg3 b5 19. Nd5 Qb7 20. Ne3 Nxb3
21. axb3 Qb6 22. Rf1 Rb7 23. Rf4 g6 24. Qf3 g5 25. Rg4 Rbd7 26. c3 Bb7 27. Qf2
Bg7 28. h4 f5 29. exf6 Nxf6 30. hxg5 Nxg4 31. Nxg4 Be4+ 32. Kc1 Qa5 33. Nf6+
Bxf6 34. Qxf6 Rf7 35. Qxe6 Qa1+ 36. Kd2 Qxb2+ 37. Ke3 Qxc3+ 38. Kxe4 Qxg3 39.
Qg6+ Rg7 40. Qe6+ Rf7 41. Qg6+ Rg7 42. Qe6+ Rf7 1/2-1/2

[Event "Olimpiada Calviá 2004"]
[Site "Calviá ESP"]
[Date "2004.10.18"]
[Round "4.29"]
[White "Goh, Weiming"]
[Black "Bouaziz, Slim"]
[Result "1-0"]
[WhiteElo "2353"]
[BlackElo "2341"]
[PlyCount "97"]
[EventDate "2004.10.15"]
[EventType "team"]
[EventRounds "14"]
[EventCountry "ESP"]
[Source "lmi"]
[SourceDate "2004.10.27"]

1. e4 Nf6 2. e5 Nd5 3. c4 Nb6 4. d4 d6 5. exd6 exd6 6. Nc3 Be7 7. Bd3 O-O 8.
Nge2 Nc6 9. b3 Bg4 10. Be3 Bh5 11. O-O Bg6 12. Re1 Re8 13. Qd2 Bf8 14. h3 Ne7
15. Ng3 d5 16. c5 Nd7 17. Bxg6 hxg6 18. b4 c6 19. Qd3 b6 20. Bf4 a5 21. a3 axb4
22. axb4 bxc5 23. bxc5 Nf6 24. Be5 Ra5 25. Reb1 Nd7 26. Bf4 Rxa1 27. Rxa1 Nf6
28. Ra7 Nh5 29. Nxh5 gxh5 30. Qf3 Nf5 31. Qd3 g6 32. Rc7 Re1+ 33. Kh2 Qf6 34.
Qd2 Re8 35. Ne2 Qe6 36. Ng3 Rc8 37. Rb7 Bg7 38. Nxf5 Qxf5 39. Qe3 Bf6 40. Bd6
Qe4 41. Qxe4 dxe4 42. Rb4 Re8 43. Bf4 Rd8 44. Bd6 Re8 45. d5 cxd5 46. c6 Be7
47. Bxe7 Rxe7 48. Rb7 e3 49. fxe3 1-0

[Event "Olimpiada Calviá 2004"]
[Site "Calviá ESP"]
[Date "2004.10.18"]
[Round "4.29"]
[White "Chikhaoui, Walid"]
[Black "Chan, Peng-Kong"]
[Result "1/2-1/2"]
[WhiteElo "2324"]
[BlackElo "2339"]
[PlyCount "72"]
[EventDate "2004.10.15"]
[EventType "team"]
[EventRounds "14"]
[EventCountry "ESP"]
[Source "lmi"]
[SourceDate "2004.10.27"]

1. e4 c5 2. Nf3 d6 3. d4 cxd4 4. Nxd4 Nf6 5. Nc3 a6 6. Bc4 e6 7. Be3 b5 8. Bb3
Qc7 9. f3 Nbd7 10. Qe2 Nc5 11. g4 Be7 12. g5 Nfd7 13. Rg1 Bb7 14. O-O-O Nxb3+
15. axb3 b4 16. Na4 Nc5 17. Nxc5 dxc5 18. Qc4 Qa5 19. Nxe6 fxe6 20. Qxe6 Qa1+
21. Kd2 Qxb2 22. Ke2 Bc8 23. Qc6+ Kf7 24. Bd4 cxd4 25. g6+ Kf8 26. Rg4 hxg6 27.
Rf4+ Kg8 28. Qe8+ Kh7 29. Qxe7 Qxc2+ 30. Rd2 d3+ 31. Ke3 Bg4 32. Rxc2 dxc2 33.
Kd2 Rhd8+ 34. Kxc2 Rac8+ 35. Kb2 Rd2+ 36. Kb1 Rd1+ 1/2-1/2

[Event "Olimpiada Calviá 2004"]
[Site "Calviá ESP"]
[Date "2004.10.18"]
[Round "4.30"]
[White "Najjar, Ahmad"]
[Black "Hernandez, Gilberto"]
[Result "0-1"]
[WhiteElo "2337"]
[BlackElo "2509"]
[PlyCount "92"]
[EventDate "2004.10.15"]
[EventType "team"]
[EventRounds "14"]
[EventCountry "ESP"]
[Source "lmi"]
[SourceDate "2004.10.27"]

1. d4 Nf6 2. Nf3 c5 3. e3 g6 4. Be2 Bg7 5. O-O O-O 6. b3 cxd4 7. Nxd4 d5 8. Nd2
e5 9. N4f3 Nc6 10. Bb2 Re8 11. Re1 a6 12. c4 d4 13. Nf1 d3 14. Bxd3 e4 15. Be2
exf3 16. Bxf3 Qxd1 17. Raxd1 Bg4 18. Bxc6 bxc6 19. f3 Be6 20. Ng3 a5 21. Rd6
Rec8 22. Ne2 Ne8 23. Rd2 Bxb2 24. Rxb2 Rab8 25. Rd2 a4 26. Nd4 axb3 27. axb3 c5
28. Nb5 Nc7 29. Nd6 Rd8 30. Ne4 Rxd2 31. Nxd2 Bf5 32. g4 Rd8 33. Re2 Bc2 34.
Kf2 Bd1 35. Ne4 Bxe2 36. Kxe2 Ne6 37. f4 f5 38. gxf5 gxf5 39. Ng3 Ng7 40. e4
fxe4 41. Nxe4 Ne6 42. Ke3 Rd1 43. f5 Re1+ 44. Kf3 Nd4+ 45. Kf4 Rf1+ 46. Ke5
Nxb3 0-1

[Event "Olimpiada Calviá 2004"]
[Site "Calviá ESP"]
[Date "2004.10.18"]
[Round "4.30"]
[White "Gonzalez Garcia, Jose"]
[Black "Eid, Fadi"]
[Result "1/2-1/2"]
[WhiteElo "2447"]
[BlackElo "2357"]
[PlyCount "62"]
[EventDate "2004.10.15"]
[EventType "team"]
[EventRounds "14"]
[EventCountry "ESP"]
[Source "lmi"]
[SourceDate "2004.10.27"]

1. d4 d5 2. c4 Bf5 3. Nc3 e6 4. Nf3 Nc6 5. cxd5 exd5 6. Bf4 Bb4 7. e3 Nf6 8. h3
O-O 9. Be2 Ne4 10. Qb3 Bxc3+ 11. bxc3 Na5 12. Qa3 b6 13. O-O Nd6 14. Nd2 Ndc4
15. Nxc4 Nxc4 16. Qa4 Bd7 17. Qc2 Bb5 18. a4 Ba6 19. Bd3 h6 20. Qe2 c5 21. Rfd1
cxd4 22. cxd4 Rc8 23. Qh5 Rc6 24. e4 Rf6 25. Bg3 dxe4 26. Bxe4 Nb2 27. Rd2 Nc4
28. Rdd1 Nb2 29. Re1 Nd3 30. Bxd3 Bxd3 31. d5 Rf5 1/2-1/2

[Event "Olimpiada Calviá 2004"]
[Site "Calviá ESP"]
[Date "2004.10.18"]
[Round "4.30"]
[White "Kassis, Antoine"]
[Black "Escobedo Tinajero, Alberto"]
[Result "1/2-1/2"]
[WhiteElo "2221"]
[BlackElo "2386"]
[PlyCount "45"]
[EventDate "2004.10.15"]
[EventType "team"]
[EventRounds "14"]
[EventCountry "ESP"]
[Source "lmi"]
[SourceDate "2004.10.27"]

1. e4 c6 2. d4 d5 3. Nd2 dxe4 4. Nxe4 Nd7 5. Ng5 Ngf6 6. Bd3 e6 7. N1f3 Bd6 8.
Qe2 h6 9. Ne4 Nxe4 10. Qxe4 Nf6 11. Qh4 Ke7 12. Ne5 Bxe5 13. dxe5 Qa5+ 14. c3
Qxe5+ 15. Be3 c5 16. O-O-O g5 17. Qh3 Bd7 18. Rhe1 Qc7 19. Kb1 b6 20. Bc4 Rad8
21. Bc1 b5 22. Bb3 a5 23. f4 1/2-1/2

[Event "Olimpiada Calviá 2004"]
[Site "Calviá ESP"]
[Date "2004.10.18"]
[Round "4.30"]
[White "Almeida Saenz, Alfonso"]
[Black "Abdulaziz, Mahmoud"]
[Result "1-0"]
[WhiteElo "2388"]
[BlackElo "2101"]
[PlyCount "85"]
[EventDate "2004.10.15"]
[EventType "team"]
[EventRounds "14"]
[EventCountry "ESP"]
[Source "lmi"]
[SourceDate "2004.10.27"]

1. d4 Nf6 2. Nf3 g6 3. g3 Bg7 4. Bg2 O-O 5. c4 d6 6. Nc3 c5 7. O-O Nc6 8. dxc5
dxc5 9. Be3 Be6 10. Bxc5 Bxc4 11. Qa4 Ba6 12. Rfd1 Qc8 13. Rac1 Qg4 14. Nd4
Nxd4 15. Bxd4 Rfd8 16. h3 Qe6 17. e3 Nd7 18. Bxg7 Kxg7 19. Qd4+ Nf6 20. Nd5
Rac8 21. Rxc8 Rxc8 22. b3 b6 23. g4 h6 24. Qa4 b5 25. Qd4 Rc2 26. Nb4 Rc7 27.
Qd8 Qb6 28. Nxa6 Rc1 29. Bf1 Rxd1 30. Qxd1 Qxa6 31. a4 Qe6 32. Bxb5 h5 33. g5
Ne4 34. Qd4+ Kh7 35. Bd7 Qd6 36. b4 Nxg5 37. Qxd6 exd6 38. a5 Nf3+ 39. Kg2 Ne5
40. Bb5 f6 41. f4 Nf7 42. Bc4 Nd8 43. Bd5 1-0

[Event "Olimpiada Calviá 2004"]
[Site "Calviá ESP"]
[Date "2004.10.18"]
[Round "4.31"]
[White "San Segundo, Carrillo Pablo"]
[Black "Mikheev, Stanislav"]
[Result "1-0"]
[WhiteElo "2516"]
[BlackElo "2352"]
[PlyCount "111"]
[EventDate "2004.10.15"]
[EventType "team"]
[EventRounds "14"]
[EventCountry "ESP"]
[Source "lmi"]
[SourceDate "2004.10.27"]

1. d4 Nf6 2. c4 g6 3. g3 c6 4. Bg2 d5 5. cxd5 cxd5 6. Nf3 Bg7 7. O-O O-O 8. Nc3
Ne4 9. Ne5 Nxc3 10. bxc3 Nc6 11. Nxc6 bxc6 12. Qa4 Bd7 13. Qa3 e5 14. Be3 Re8
15. Rfe1 Bf5 16. Rad1 Qc7 17. dxe5 Bxe5 18. Bd4 Rab8 19. Bxe5 Qxe5 20. Qc5 Rb6
21. h3 Ra6 22. Rd2 Rb8 23. e4 Re8 24. g4 Bc8 25. Re3 Qe7 26. Qxe7 Rxe7 27. exd5
Rxe3 28. fxe3 cxd5 29. Bxd5 Ra3 30. Rc2 Be6 31. Bxe6 fxe6 32. Kf2 Kf7 33. Ke2
Ke7 34. Kd3 Kd6 35. Rb2 Kc6 36. Kd4 Ra5 37. Rf2 h5 38. Rf6 hxg4 39. hxg4 Kd6
40. Rxg6 Rxa2 41. Rg7 a5 42. Ra7 Rg2 43. Ra6+ Kd7 44. Rxa5 Rxg4+ 45. e4 Rg1 46.
Ra7+ Kc6 47. Ke5 Re1 48. Ra6+ Kd7 49. Rd6+ Kc7 50. Rd4 Rc1 51. c4 Kc6 52. Kxe6
Kc5 53. Rd8 Re1 54. e5 Kxc4 55. Kf6 Rf1+ 56. Ke7 1-0